Ritual conjunto: celebración del Bautismo. Celebración del Matrimonio. Eucaristía fuera de la Misa
Uloženo v:
| Korporativní autor: | |
|---|---|
| Médium: | Kniha |
| Jazyk: | španělština |
| Vydáno: |
Santiago
Comisión Episcopal de Liturgia
2006
|
| Témata: | |
| Tagy: |
Přidat tag
Žádné tagy, Buďte první, kdo vytvoří štítek k tomuto záznamu!
|
MARC
| LEADER | 00000cam a2200000 a 4500 | ||
|---|---|---|---|
| 001 | UCG9784 | ||
| 003 | CL-VaPUC | ||
| 008 | 120330e20060000CL |||||||||||||||||spa|d | ||
| 020 | |a 9562561798 | ||
| 082 | 0 | 4 | |a 234.16 |b COM |2 21 |
| 110 | 2 | |a Comisión Episcopal de Liturgia |e author |9 561469 | |
| 245 | 1 | 0 | |a Ritual conjunto: celebración del Bautismo. Celebración del Matrimonio. Eucaristía fuera de la Misa |
| 300 | |a 283 p | ||
| 942 | |c BK | ||
| 945 | |d 20120330 00:00:00 |a dcastane | ||
| 260 | |a Santiago |b Comisión Episcopal de Liturgia |c 2006 | ||
| 650 | 7 | |a LITURGIA |2 CL-VaPUC |9 561470 | |
| 650 | 0 | |a Rituales |9 349198 | |
| 650 | 0 | |a Sacramentos |9 257270 | |
| 650 | 0 | |a Bautismo |9 314393 | |
| 650 | 7 | |a MATRIMONIO |2 CL-VaPUC |9 561471 | |
| 650 | 0 | |a Eucaristía |9 257336 | |
| 583 | |a last modification |c 20120330 10:33:00 |k Rodrigo Vera | ||
| 999 | |c 347327 |d 347325 | ||
| 952 | |0 0 |1 0 |4 0 |6 234_160000000000000_COM_2006 |7 0 |8 A |9 448582 |a BIBTEO |b BIBTEO |d 2019-11-22 |i 4850505 |o 234.16 COM 2006 |p 4850505 |r 2025-01-17 |w 2019-11-22 |y BK |k ICR | ||
| 952 | |0 0 |1 0 |4 0 |6 234_160000000000000_COM_2006 |7 0 |8 A |9 448583 |a BIBTEO |b BIBTEO |d 2019-11-22 |i 4850513 |o 234.16 COM 2006 |p 4850513 |r 2025-01-17 |w 2019-11-22 |y BK |k ICR | ||
| 952 | |0 0 |1 0 |4 0 |6 234_160000000000000_COM_2006 |7 0 |8 A |9 448584 |a BIBTEO |b BIBTEO |d 2019-11-22 |i 4850521 |o 234.16 COM 2006 |p 4850521 |r 2025-01-17 |w 2019-11-22 |y BK |k ICR | ||
| 952 | |0 0 |1 0 |4 0 |6 234_160000000000000_COM_2006 |7 0 |8 A |9 448585 |a BIBTEO |b BIBTEO |d 2019-11-22 |i 485053K |o 234.16 COM 2006 |p 485053K |r 2025-01-17 |w 2019-11-22 |y BK |k ICR | ||